Methods of farm management investigations for improving farm productivity. (Record no. 803)

MARC details
000 -LEADER
fixed length control field 00452cam a22001331 4500
050 00 - CALL NUMBER
Classification number S401.U6
Item number A13
100 1# - AUTHOR
Personal name Yang, Wei,
245 10 - TITLE
Title Methods of farm management investigations for improving farm productivity.
Statement of responsibility, etc Wei, Yang
260 ## - PUBLICATION INFORMATION
Place of publication Rome,
Name of publisher Food and Agriculture Organization of the United Nations,
Year of publication 1958.
300 ## - DESCRIPTION
Number of Pages ix, 228 p.
Other physical details diagrs., tables.
500 ## - NOTES
General note includes bibliographic reference
650 #0 - SUBJECTS
Topical Term Farm management
General subdivision Research.
942 ## - ADDED ENTRY ELEMENTS (KOHA)
Koha item type Books
Holdings
Withdrawn status Lost status Home library Current library Date acquired Full call number Accession Number Koha item type
    Methodist University Library Wenchi Faculty Methodist University Library Wenchi Faculty 13/11/2017 S401.U6 A13 21450 Books
Copyright © 2026  MUG Library